ბათუმის შოთა რუსთაველის სახელმწიფო უნივერსიტეტის ბიბლიოთეკა

Japan's New Regional Reality: (ბიბ.ჩანაწერი № 63948)

000 -LEADER
fixed length control field 00773nam a22001817a 4500
005 - DATE AND TIME OF LATEST TRANSACTION
control field 20260226143852.0
008 - FIXED-LENGTH DATA ELEMENTS--GENERAL INFORMATION
fixed length control field 260226s2020 enk||||| |||| 00| 0 eng d
020 ## - INTERNATIONAL STANDARD BOOK NUMBER
International Standard Book Number 9780231190732x
041 ## - LANGUAGE CODE
Language code of text/sound track or separate title eng
080 ## - UNIVERSAL DECIMAL CLASSIFICATION NUMBER
Universal Decimal Classification number 339.9(520) K-23
100 ## - MAIN ENTRY--PERSONAL NAME
Personal name Katada, Saori N.
9 (RLIN) 26991
245 ## - TITLE STATEMENT
Title Japan's New Regional Reality:
Remainder of title Geoeconomic Strategy in the Asia-Pacific /
Statement of responsibility, etc. Saori N. Katada.
264 ## - PRODUCTION, PUBLICATION, DISTRIBUTION, MANUFACTURE, AND COPYRIGHT NOTICE
Place of production, publication, distribution, manufacture New York :
Name of producer, publisher, distributor, manufacturer Columbia University Press,
Date of production, publication, distribution, manufacture, or copyright notice 2020.
300 ## - PHYSICAL DESCRIPTION
Extent 320 p.;
Other physical details 23 cm.
653 ## - INDEX TERM--UNCONTROLLED
keyword გეოეკონომიკური სტრატეგია აზია-წყნარი ოკეანის რეგიონში
653 ## - INDEX TERM--UNCONTROLLED
keyword იაპონიის ახალი რეგიონული რეალობა
942 ## - ADDED ENTRY ELEMENTS (KOHA)
Source of classification or shelving scheme
Koha item type წიგნი
ეგზემპლარები
Withdrawn status Lost status Source of classification or shelving scheme Damaged status Not for loan Permanent Location Current Location Shelving location Date acquired Cost, normal purchase price Full call number Barcode Date last seen Copy number Uniform Resource Identifier Price effective from Koha item type Public note
          ბათუმის შოთა რუსთაველის სახელმწიფო უნივერსიტეტის მთავარი ბიბლიოთეკა ბათუმის შოთა რუსთაველის სახელმწიფო უნივერსიტეტის მთავარი ბიბლიოთეკა წიგნსაცავი 2026-02-26 15.00 339.9(520) K-23 73837 2026-02-26 73837 იაპონიის ელჩის საჩუქარი 2026-02-26 წიგნი 15 ლ.